Cargando…
La universidad en la sociedad : un diálogo interamericano /
"Este trabajo es el Informe de la Conferencia del Consejo sobre Educación Superior en las Républicas Americanas (CHEAR) llevada a cabo en Caracas, Venezuela, en marzo de 1974".
| Clasificación: | LB2341 I5.88 |
|---|---|
| Autor Corporativo: | |
| Formato: | Libro |
| Idioma: | Español |
| Publicado: |
México :
Universidad Autónoma Metropolitana,
1975.
|
| Temas: |
MARC
| LEADER | 00000aam a2900000 i 4500 | ||
|---|---|---|---|
| 001 | 000079927 | ||
| 005 | 20230919125400.0 | ||
| 007 | ta | ||
| 008 | 160429s1975 mx a g b z000 0 spa d | ||
| 040 | |a OCLCQ |b spa |e rda |d MX-MxUAM | ||
| 041 | 0 | |a spa | |
| 050 | 4 | |a LB2341 |b I5.88 | |
| 090 | |a f LB2341 |b I5.88 | ||
| 110 | 2 | |a Institute of International Education | |
| 245 | 1 | 3 | |a La universidad en la sociedad : |b un diálogo interamericano / |c Institute of International Education. |
| 264 | 1 | |a México : |b Universidad Autónoma Metropolitana, |c 1975. | |
| 300 | |a 51 páginas : |b ilustraciones ; |c 23 cm. | ||
| 336 | |a texto |b txt |2 rdacontent | ||
| 337 | |a sin medio |b n |2 rdamedia | ||
| 338 | |a volumen |b nc |2 rdacarrier | ||
| 505 | 2 | 0 | |t El papel de la Universidad en los Estados Unidos.-- |t El papel de la Universidad en América Latina.-- |t Papeles Comparativos de las Universidades de los Estados Unidos y de América Latina.-- |t El sistema de autoridad en las Universidades de los estados Unidos de América Latina.-- |t El papel Político de la Universidad Norteamericana.-- |t El papel de la Universidad en la modernización.-- |t Cooperación Mutua en el Desarrollo Internacional.-- |t Reconocimiento de la conferencia. |
| 520 | 4 | |a "Este trabajo es el Informe de la Conferencia del Consejo sobre Educación Superior en las Républicas Americanas (CHEAR) llevada a cabo en Caracas, Venezuela, en marzo de 1974". | |
| 538 | |a CFOLLETOS | ||
| 650 | 0 | |a Universities and colleges |z Latin America |x Management |v Congress | |
| 650 | 4 | |a Universidades |z América Latina |x Administración |v Congresos | |
| 650 | 0 | |a Universities and colleges |z United States |x Management |v Congress | |
| 650 | 4 | |a Universidades |z Estados Unidos |x Administración |v Congresos | |
| 905 | |a LIBROS | ||
| 905 | |a FOLLETOS | ||
| 938 | |c CSH | ||
| 949 | |a Biblioteca UAM Iztapalapa |b Colección Folletos |c f LB2341 I5.88 | ||